| 000 | 00527ntaaa2200193 4500 | ||
|---|---|---|---|
| 003 | 01 | ||
| 005 | 20251027201811.0 | ||
| 008 | 0714s1973 ag 01 | ||
| 040 |
_aAR-BaBN _bspa _cAR-BaBN _eaacr _dRIC |
||
| 082 | _a242.2000 J28 | ||
| 100 |
_aJarman foundations _916424 |
||
| 245 | _aO taste and see | ||
| 250 | _a1 ed. | ||
| 260 |
_aNashville : _bJarman Foundation, _cc1957 |
||
| 300 | _a380 p | ||
| 500 | _aSelections of scripture arranged for daily personal devotions | ||
| 650 |
_ameditaciones diarias _914737 |
||
| 942 | _cBK | ||
| 999 |
_c12661 _d12661 |
||